Entry Nombre personal
001 - NÚMERO DE CONTROL
- campo de control: 240332
003 - IDENTIFICADOR DE NÚMERO DE CONTROL
- campo de control: DLC
005 - FECHA Y HORA DE LA ÚLTIMA TRANSACCIÓN
- campo de control: 20250509193414.0
008 - ELEMENTOS DE DATO DE LONGITUD-FIJA
- campo de control de longitud fija: 201021n| azannaabn |a aaa
010 ## - NÚMERO DE CONTROL DE LA BIBLIOTECA DEL CONGRESO
- Número de control de LC: n 2020185773
035 ## - NÚMERO DE CONTROL DEL SISTEMA
- Número de control de sistema: (DNLM)1863789
040 ## - FUENTE DE CATALOGACIÓN
- Centro catalogador/agencia de origen: DNLM
- Lengua de catalogación: eng
- Normas de descripción: rda
- Centro/agencia transcriptor: DNLM
100 1# - ENCABEZAMIENTO-NOMBRE DE PERSONA
- Nombre de persona: Gómez Candela, Carmen
400 1# - TRAZADO DE VÉASE--NOMBRE DE PERSONA
- Nombre de persona: Candela, Carmen Gómez
670 ## - FUENTE DE DATOS ENCONTRADOS
- Cita de la fuente: Manual de nutrición clínica, mayo de 2019:
- Información encontrada: title page (Carmen Gómez Candela) p. 4 of cover (Hospital Universitario La Paz, Jefa de la Unidad de Nutrición Clínica y Dietética)
